Mangaluru Darshana samputa 1: (Record no. 119963)
[ view plain ]
| 000 -LEADER | |
|---|---|
| fixed length control field | 01259nam a2200277Ia 4500 |
| 003 - CONTROL NUMBER IDENTIFIER | |
| control field | OSt |
| 005 - DATE AND TIME OF LATEST TRANSACTION | |
| control field | 20230613163036.0 |
| 008 - FIXED-LENGTH DATA ELEMENTS--GENERAL INFORMATION | |
| fixed length control field | 210210b2016 xxu||||| |||| 00| 0 eng d |
| 040 ## - CATALOGING SOURCE | |
| Transcribing agency | AL |
| 041 ## - LANGUAGE CODE | |
| Language code of text/sound track or separate title | kan |
| 082 ## - DEWEY DECIMAL CLASSIFICATION NUMBER | |
| Classification number | 954.8711K VIVM |
| 100 ## - MAIN ENTRY--PERSONAL NAME | |
| Personal name | Viveka Rai B A: ವಿವೇಕ ರೈ ಬಿ ಎ Ed |
| 9 (RLIN) | 123817 |
| 245 ## - TITLE STATEMENT | |
| Title | Mangaluru Darshana samputa 1: |
| Remainder of title | ಮಂಗಳೂರು ದರ್ಶನ ಸಂಪುಟ ೧ |
| 260 ## - PUBLICATION, DISTRIBUTION, ETC. | |
| Place of publication, distribution, etc. | Mangaluru |
| Name of publisher, distributor, etc. | Mangaluru Nagarabhivraddhi Pradhikara |
| Date of publication, distribution, etc. | 2016 |
| 300 ## - PHYSICAL DESCRIPTION | |
| Extent | xxi,734p. |
| Other physical details | HB |
| Dimensions | 25x18cm. |
| 365 ## - TRADE PRICE | |
| Source of price type code | Kannada |
| Price amount | 500.00 |
| Currency code | ₹ |
| Unit of pricing | 500.00 |
| 440 ## - SERIES STATEMENT/ADDED ENTRY--TITLE | |
| Number of part/section of a work | Vol.1 |
| 9 (RLIN) | 123832 |
| 650 ## - SUBJECT ADDED ENTRY--TOPICAL TERM | |
| Topical term or geographic name entry element | Mangaluru Bhupradesha mattu Parisara: ಮಂಗಳೂರು ಭೂಪ್ರದೇಶ ಮತ್ತು ಪರಿಸರ |
| 9 (RLIN) | 123818 |
| 650 ## - SUBJECT ADDED ENTRY--TOPICAL TERM | |
| Topical term or geographic name entry element | Mangaluru Aithihasika Parmpare: ಮಂಗಳೂರು ಐತಿಹಾಸಿಕ ಪರಂಪರೆ |
| 9 (RLIN) | 123819 |
| 650 ## - SUBJECT ADDED ENTRY--TOPICAL TERM | |
| Source of heading or term | Dharmika Kendragalu: ಧಾರ್ಮಿಕ ಕೇಂದ್ರಗಳು |
| 650 ## - SUBJECT ADDED ENTRY--TOPICAL TERM | |
| Topical term or geographic name entry element | Sangha Samsthegalu: ಸಂಘ ಸಂಸ್ಥೆಗಳು |
| 9 (RLIN) | 123829 |
| 650 ## - SUBJECT ADDED ENTRY--TOPICAL TERM | |
| Topical term or geographic name entry element | Samskrati mattu Kale: ಸಂಸ್ಕ್ರತಿ ಮತ್ತು ಕಲೆ |
| 9 (RLIN) | 123830 |
| 700 ## - ADDED ENTRY--PERSONAL NAME | |
| Personal name | RAI (Viveka B A): ರೈ (ವಿವೇಕ ಬಿ ಎ) Ed |
| 9 (RLIN) | 123828 |
| 906 ## - LOCAL DATA ELEMENT F, LDF (RLIN) | |
| a | 070554 |
| 942 ## - ADDED ENTRY ELEMENTS (KOHA) | |
| Source of classification or shelving scheme | Dewey Decimal Classification |
| Koha item type | Book |
| Withdrawn status | Lost status | Damaged status | Not for loan | Collection code | Home library | Current library | Shelving location | Date acquired | Cost, normal purchase price | Total Checkouts | Full call number | Barcode | Date last seen | Price effective from | Koha item type | Source of classification or shelving scheme | Date last checked out | Cost, replacement price | Public note |
|---|---|---|---|---|---|---|---|---|---|---|---|---|---|---|---|---|---|---|---|
| Reference Book | St Aloysius Library | St Aloysius Library | Reference Section | 02/17/2021 | 500.00 | 954.8711K VIVM | 070554 | 02/17/2021 | 02/17/2021 | Book | |||||||||
| History | St Aloysius Library | St Aloysius Library | 06/06/2023 | 1 | 954.8711K VIVM | D05705 | 08/18/2023 | 06/13/2023 | Donated Books | Dewey Decimal Classification | 08/09/2023 | 500.00 | Donated by Fr Sujay SJ |